sanah wszystkie piosenki - Statystyki

Ogólne statystyki
  • Ten quiz został rozwiązany 129 razy
    57 od ostatniego zresetowania
  • Średni wynik to 65 z 162
Statystyki odpowiedzi
Hint Odpowiedź % Poprawnych
KRÓLOWA DRAM Królowa dram
85%
Bankiet | IRENKA 2:00
74%
KRÓLOWA DRAM 2/10
74%
Bankiet | IRENKA Ale jazz!
74%
Bankiet | KRÓLOWA DRAM Cząstka
74%
Bankiet | Poezje | UCZTA sanah & Daria Zawiałow Eldorado
74%
Bankiet | Poezje Nic dwa razy
74%
Kaprysy było, minęło
70%
KROLOWA DRAM Łezki me
70%
Bankiet | UCZTA sanah & Dawid Podsiadło ostatnia nadzieja
70%
Bankiet | KRÓLOWA DRAM Szampan
70%
IRENKA, BUJDA BUJDA
67%
Heal me
63%
Bankiet | IRENKA Irenka
63%
M. Pawlikowska-Jasnorzewska Pocałunki
63%
IRENKA ten Stan
63%
INVISIBLE EP You loved me
63%
IRENKA etc.
59%
KRÓLOWA DRAM Melodia
59%
IRENKA, BUJDA Oczy
59%
Bankiet | UCZTA sanah & Kwiat Jabłoni Szary świat
59%
DWOJE LUDZIENKÓW Krzysztof Zalewski & sanah Eviva l'arte
56%
Kleks & sanah Jestem Twoją Bajką
56%
IRENKA final edition Kaziu, zakochaj się
56%
Kaprysy Miłość jest ślepa
56%
Kaprysy Nimbostratus
56%
Bankiet | UCZTA sanah & Artur Rojek Tęsknię sobie
56%
Bankiet | KRÓLOWA DRAM Aniołom szepnij to
52%
DWOJE LUDZIENKÓW Natalia Szroeder & sanah Był bal
52%
Siostry Grabowskie Cała sala śpiewa!
52%
Sobel & sanah IRENKA final edition Cześć, jak się masz?
52%
DWOJE LUDZIENKÓW Kasia Kowalska & sanah Kiedy umrę kochanie
52%
IRENKA final edition kolońska i szlugi
52%
UCZTA sanah & Igor Herbut Mamo tyś płakała
52%
Marcepan
52%
Kaprysy Mleczna droga
52%
UCZTA sanah & Vito Bambino oscar
52%
Kaprysy Wiśta wio
52%
UCZTA sanah & Miętha audi
48%
Kaprysy Do kiedy jestem
48%
DWOJE LUDZIENKÓW Sobel & sanah Dwoje ludzienków
48%
Bankiet | Poezje Hymn
48%
Can you love me for who I am? | KRÓLOWA DRAM final edition, INVISIBLE EP Invisible dress
48%
Najlepszy dzień w moim życiu
48%
DWOJE LUDZIENKÓW Nosowska & sanah Ofelia
48%
Kaprysy Sad
48%
Bankiet | UCZTA sanah & Grzegorz Turnau Sen we śnie
48%
KRÓLOWA DRAM Siebie zapytasz
48%
Bankiet | Poezje Bajka
44%
Bankiet | UCZTA sanah & Natalia Grosiak Czesława
44%
Kaprysy hip hip hura!
44%
DWOJE LUDZIENKÓW Grzegorz Skawiński & sanah Inwokacja
44%
KRÓLOWA DRAM Koronki
44%
Kaprysy Pańskie łzy to woda
44%
KRÓLOWA DRAM Proszę
44%
KROLOWA DRAM Proszę pana
44%
Kaprysy Śrubka
44%
IRENKA To koniec
44%
IRENKA Warcaby
44%
IRENKA wars
44%
Kaprysy Fafarafa
41%
DWOJE LUDZIENKÓW Mazowsze & sanah Jesienią
41%
Kaprysy O miłości
41%
DWOJE LUDZIENKÓW Kuba Badach & sanah Piosenka
41%
Kaprysy Słodkiego miłego życzę
41%
Bankiet | UCZTA Ten stan & sanah Święty Graal
41%
Poezje Do * w sztambuch
37%
Poezje Kamień
37%
Can you love me for who I am? Madam
37%
DWOJE LUDZIENKÓW Mela Koteluk & sanah Maj 1939
37%
Kaprysy Miałam taki kaprys!!!
37%
IRENKA, BUJDA No sory
37%
KRÓLOWA DRAM Oto cała ja
37%
KRÓLOWA DRAM Sama
37%
Kaprysy Spietruszam
37%
Poezje Warszawa
37%
IRENKA, BUJDA Duszki
33%
Bankiet duszki
33%
DWOJE LUDZIENKÓW Michał Bajor & sanah Elegia o... [chłopcu polskim]
33%
KRÓLOWA DRAM Koniec
33%
Vito Bambino & sanah Mustang
33%
KRÓLOWA DRAM final edition,BUJDA Projekt nieznajomy nie kłamie
33%
Matt Dusk & sanah Rich in love
33%
skanah
33%
KRÓLOWA DRAM Solo
33%
Kaprysy Talenty i mankamenty
33%
Kaprysy Aha
30%
KRÓLOWA DRAM Idź
30%
DWOJE LUDZIENKÓW Anna Maria Jopek & sanah Kochałam Pana
30%
Dawid Podsiadło & sanah O czym śnisz?
30%
UCZTA sanah & Ania Dąbrowska Pisz do mnie listy
30%
KRÓLOWA DRAM final edition,BUJDA Róże
30%
KRÓLOWA DRAM final edition Bez słów
26%
Siostry Grabowskie Boogie Woogie
26%
Poezje Da Bóg kiedyś zasiąść w Polsce wolnej
26%
Bankiet | invisible ep IRENKA etc. (na disco)
26%
Bankiet | IRENKA Interludium
26%
M. Konopnicka Na grobie rycerz
26%
KRÓLOWA DRAM Piękno tej nie chcianej
26%
płomień
26%
IRENKA puk puk
26%
Matteo Bocelli & sanah Falling Back
22%
invisible ep IRENKA Kapela gra
22%
Can you love me for who I am? Love is blind
22%
DWOJE LUDZIENKÓW Alicja Majewska & sanah Oczyszczenie
22%
KRÓLOWA DRAM Początek
22%
IRENKA, BUJDA Pożal się boże
22%
Bankiet Pożal się Boże
22%
Ayreen Rehab
22%
Can you love me for who I am? 2 Tiny little people
22%
Kwiat Jabłoni & sanah Warszawa, ja i ty
22%
Kaprysy Arco
19%
Kaprysy Coda
19%
IRENKA co ja robie tutaj
19%
Bankiet Co ja robię tutaj?
19%
Kaprysy Intrada
19%
Bankiet Intro
19%
(piosenki Wojciecha Młynarskiego) Poranne łzy
19%
Poezje Rozwijając Rilkego
19%
IRENKA To był dobry dzień
19%
KRÓLOWA DRAM To ja a nie inna
19%
Can you love me for who I am? 2 Yodel song
19%
Can you love me for who I am? 2 In love with a stranger
15%
Kaprysy Kaprys gis-moll
15%
KRÓLOWA DRAM final edition Pora roku zła
15%
Can you love me for who I am? Should have known
15%
IRENKA final edition wszystko mi mówi że mnie ktoś pokochał
15%
IRENKA final edition Ale jazz! (na jazzowo)
11%
Sobel & sanah Czarna dziura
11%
Wilcza zamieć
11%
Zuzanna Jurczak Corners
7%
#hot16challenge2 / hot16
7%
Polskie Znaki & sanah Przyjdzie Panie zaginąć
7%
INVISIBLE EP Shiny people
7%
Zuzanna Jurczak Za mała
7%
IRENKA final edition 2:00 (prod. Arkadiusz)
4%
bipping
4%
INVISIBLE EP Haters
4%
Zuzanna Jurczak Heartbreak
4%
INVISIPLE EP Peace
4%
Nie znaleziono quizów pasujących do podanych kryteriów
Rozkład punktacji
Procent ludzi z każdym wynikiem
Percentyl według liczby udzielonych odpowiedzi
Twoja historia wyników
Nie rozwiązałeś tego quizu od ostatniego zresetowania